Library Banner

Al nizam ul assasi(arabic)(النظام الاساسی) (Record no. 102078)

MARC details
000 -LEADER
fixed length control field 00403nam a22001337a 4500
005 - DATE AND TIME OF LATEST TRANSACTION
control field 20180124115758.0
008 - FIXED-LENGTH DATA ELEMENTS--GENERAL INFORMATION
fixed length control field 180124b xxu||||| |||| 00| 0 eng d
040 ## - CATALOGING SOURCE
Transcribing agency PK-LaUMT
082 ## - DEWEY DECIMAL CLASSIFICATION NUMBER
Classification number PKAC 297.74
Item number ALN-
245 ## - TITLE STATEMENT
Title Al nizam ul assasi(arabic)(النظام الاساسی)
260 ## - PUBLICATION, DISTRIBUTION, ETC. (IMPRINT)
Place of publication, distribution, etc دبی:
Name of publisher, distributor, etc جمعیۃ الاصلاح والتوجیہ الاجتماعی،
Date of publication, distribution, etc 1974
300 ## - PHYSICAL DESCRIPTION
Extent 34
942 ## - ADDED ENTRY ELEMENTS (KOHA)
Koha item type Books
Holdings
Withdrawn status Lost status Damaged status Home library Current library Date acquired Full call number Barcode Date last seen Price effective from Koha item type
      UMT Main Campus UMT Main Campus 2018-01-24 PKAC 297.74 ALN- 118027 2018-01-24 2018-01-24 Books